Judaismus : zjevení a tradice / Michael A. Fishbane ; [z anglického originálu ... přeložil Pavel Kolmačka ; předmluvu k českému vydání napsal Richard Štencl]
Record details
- ISBN: 80-85190-95-8
- Physical Description: 194 s. ; 20 cm
- Edition: V českém jazyce vyd. 2.
- Publisher: Praha : Prostor, 1999
Content descriptions
| General Note: | Terminologický slovníček Poznámky Chronologický přehled |
| Bibliography, etc. Note: | Obsahuje bibliografii a rejstřík |
Search for related items by subject
| Subject: | Bible judaismus Judaism |
| Genre: | populárně-naučné publikace Popular works |
Search for related items by series
Available copies
- 3 of 3 copies available at Common Catalog SPOK.
Holds
- 0 current holds with 3 total copies.
Other Formats and Editions
Show Only Available Copies
| Location | Call Number / Copy Notes | Barcode | Shelving Location | Status | Due Date |
|---|---|---|---|---|---|
| ETS Library | 296 | 424470004833 | Volný výběr | Available | - |
| Jabok Library | RE-4 | 424480005197 | Odborná literatura | Available | - |
| Jabok Library | RE-4 | 424480040415 | Odborná literatura | Available | - |
| LDR | 01724nam a2200481 a 4500 | ||
|---|---|---|---|
| 001 | 5092 | ||
| 003 | CZ-PrJAB | ||
| 005 | 20220504100705.0 | ||
| 007 | tu | ||
| 008 | 990402s1999 xr e 001 0 cze | ||
| 015 | . | ‡acnb000653229 | |
| 020 | . | ‡a80-85190-95-8 ‡q(brož.) : ‡cKč 199,00 | |
| 035 | . | ‡a(CZ PrNK)cpk19990653229 | |
| 035 | . | ‡a(OCoLC)37673935 | |
| 040 | . | ‡aABA001 ‡bcze | |
| 041 | 1 | . | ‡acze ‡heng |
| 072 | 7. | ‡a26 ‡xJudaismus ‡2Konspekt ‡95 | |
| 080 | . | ‡a26 ‡2MRF | |
| 080 | . | ‡a(0.062) ‡2MRF | |
| 082 | 1 | 4. | ‡a296 |
| 100 | 1 | . | ‡aFishbane, Michael A., ‡d1943- ‡7xx0013160 ‡4aut |
| 245 | 1 | 0. | ‡aJudaismus : ‡bzjevení a tradice / ‡cMichael A. Fishbane ; [z anglického originálu ... přeložil Pavel Kolmačka ; předmluvu k českému vydání napsal Richard Štencl] |
| 250 | . | ‡aV českém jazyce vyd. 2. | |
| 260 | . | ‡aPraha : ‡bProstor, ‡c1999 | |
| 300 | . | ‡a194 s. ; ‡c20 cm | |
| 490 | 1 | . | ‡aNáboženské tradice světa ; ‡v2 |
| 490 | 1 | . | ‡aObzor ; ‡vsv. 5 |
| 500 | . | ‡aTerminologický slovníček | |
| 500 | . | ‡aPoznámky | |
| 500 | . | ‡aChronologický přehled | |
| 504 | . | ‡aObsahuje bibliografii a rejstřík | |
| 630 | 0 | 7. | ‡aBible ‡7unn2006374667 ‡2czenas |
| 650 | 0 | 7. | ‡ajudaismus ‡7ph114838 ‡2czenas |
| 650 | 0 | 9. | ‡aJudaism ‡2eczenas |
| 655 | 7. | ‡apopulárně-naučné publikace ‡7fd131864 ‡2czenas | |
| 655 | 9. | ‡aPopular works ‡2eczenas | |
| 700 | 1 | . | ‡aKolmačka, Pavel, ‡d1962- ‡7jn19990209373 ‡4trl |
| 700 | 1 | . | ‡aSadek, Vladimír, ‡d1932-2008 ‡7jk01110249 ‡4aui |
| 765 | 0 | . | ‡tJudaism ‡9Česky |
| 830 | 0. | ‡aNáboženské tradice světa | |
| 830 | 0. | ‡aObzor (Prostor) | |
| 910 | . | ‡aABG450 | |
| 910 | . | ‡aABG312 | |
| 999 | . | ‡a4715 ‡bAUTOGEN ‡c4715 ‡tbiblio | |
| 901 | . | ‡a5092 ‡bUnknown ‡c5092 ‡tbiblio ‡sets | |